[Event "Mundial Juvenil femenino 2005 s10"]
[Site "Belfort FRA"]
[Date "2005.07.22"]
[Round "4.2"]
[White "Aflalo, Sophie"]
[Black "Roy, Ali"]
[Result "1-0"]
[WhiteElo "1599"]
[BlackElo "1599"]
[PlyCount "63"]
[EventDate "2005.07.19"]
[EventType "swiss"]
[EventRounds "11"]
[EventCountry "FRA"]
[Source "lmi"]
[SourceDate "2005.07.31"]

1. e4 c6 2. d4 d5 3. Nd2 dxe4 4. Nxe4 Bf5 5. Ng3 Bg6 6. h4 h6 7. Nf3 Nd7 8. Bd3
Bxd3 9. Qxd3 Ngf6 10. Bf4 e6 11. O-O-O Qb6 12. Ne5 Nxe5 13. dxe5 Qc7 14. exf6
Qxf4+ 15. Rd2 Qc7 16. fxg7 Bxg7 17. Nh5 f5 18. Re1 Be5 19. Qe3 Bg7 20. Qxe6+
Kf8 21. Rd7 Qxd7 22. Qxd7 Rh7 23. Nf6 Bxf6 24. Qxh7 Bxh4 25. Qh8+ Kf7 26. Qxa8
Bxf2 27. Qxb7+ Kf6 28. Qe7+ Kg6 29. Re6+ Kh5 30. Qg7 Be3+ 31. Rxe3 Kh4 32. Rh3#
1-0

[Event "Mundial Juvenil femenino 2005 s10"]
[Site "Belfort FRA"]
[Date "2005.07.22"]
[Round "4.3"]
[White "Sadvakassova, Dinara"]
[Black "Baraeva, Marina"]
[Result "1/2-1/2"]
[WhiteElo "1599"]
[BlackElo "1599"]
[PlyCount "198"]
[EventDate "2005.07.19"]
[EventType "swiss"]
[EventRounds "11"]
[EventCountry "FRA"]
[Source "lmi"]
[SourceDate "2005.07.31"]

1. e4 c5 2. g3 g6 3. Bg2 Bg7 4. d3 Nc6 5. Ne2 d6 6. O-O Nf6 7. f4 O-O 8. Nd2
Bd7 9. h3 h5 10. Nf3 Qc8 11. Kh2 a6 12. Be3 b5 13. a3 Qc7 14. Nc3 Rac8 15. Ne1
Kh7 16. Bf3 Rb8 17. Ne2 Qc8 18. Bg2 e5 19. Nf3 exf4 20. gxf4 a5 21. Ng5+ Kg8
22. Ng3 Re8 23. f5 Ne5 24. Bd2 b4 25. axb4 axb4 26. fxg6 fxg6 27. Nf3 Nxf3+ 28.
Rxf3 d5 29. exd5 Nxd5 30. Rf1 Nf6 31. Qf3 Rf8 32. Qe2 Bc6 33. Bxc6 Qxc6 34. Qg2
Qc7 35. Bf4 Qb7 36. Bxb8 Qxb8 37. Kh1 Re8 38. Ra6 Rf8 39. Ne4 Nxe4 40. Rxf8+
Qxf8 41. dxe4 Bxb2 42. Qxg6+ Bg7 43. Qg2 Kh8 44. e5 Bxe5 45. Ra8 Bb8 46. Qe2
Kg8 47. Qe6+ Kg7 48. Qd7+ Kg8 49. Qd5+ Kg7 50. Qg5+ Kh7 51. Qxh5+ Kg7 52. Qg4+
Kh7 53. Qe4+ Kh6 54. Qg2 Qd6 55. Ra1 c4 56. Rf1 b3 57. cxb3 cxb3 58. Qf2 Qd5+
59. Qf3 Qxf3+ 60. Rxf3 b2 61. Rf1 Kh5 62. Kg2 Kg5 63. Kf3 Be5 64. Ke4 Bc3 65.
Kd3 Be5 66. Kc2 Kh4 67. Rf3 Bg7 68. Rb3 Bf6 69. Rd3 Bg7 70. Rd7 Bf6 71. Rh7+
Kg5 72. h4+ Kg6 73. Rb7 Kh5 74. Rb4 Bg7 75. Re4 Bf6 76. Rf4 Bg7 77. Rf7 Bd4 78.
Rd7 Bf6 79. Rd6 Bh8 80. Kb1 Bc3 81. Rd3 Bf6 82. Rh3 Kg4 83. Rh1 Kh5 84. Rh2 Be5
85. Rh1 Bf6 86. Rf1 Bd4 87. Rf5+ Kg6 88. Rd5 Bg7 89. h5+ Kh6 90. Rd7 Bh8 91.
Kc2 Bg7 92. Rf7 Bh8 93. Rf8 Bg7 94. Rg8 Kh7 95. Rb8 Kh6 96. Rb5 Bh8 97. Rf5 Bg7
98. Rc5 Bh8 99. Rd5 Bg7 1/2-1/2

[Event "Mundial Juvenil femenino 2005 s10"]
[Site "Belfort FRA"]
[Date "2005.07.22"]
[Round "4.5"]
[White "Iwanow, Anna"]
[Black "Salazar, Aura"]
[Result "1-0"]
[WhiteElo "1854"]
[BlackElo "1599"]
[PlyCount "87"]
[EventDate "2005.07.19"]
[EventType "swiss"]
[EventRounds "11"]
[EventCountry "FRA"]
[Source "lmi"]
[SourceDate "2005.07.31"]

1. e4 c5 2. Nf3 d6 3. d4 cxd4 4. Nxd4 Nf6 5. Nc3 g6 6. Be3 Bg7 7. f3 O-O 8. Qd2
Nc6 9. O-O-O Nxd4 10. Bxd4 Be6 11. Kb1 Qc7 12. g4 Rfc8 13. h4 Qa5 14. a3 Rab8
15. h5 b5 16. hxg6 hxg6 17. g5 Nh5 18. Bxg7 Kxg7 19. Qd4+ Kg8 20. Nd5 Bxd5 21.
Qxd5 Rc5 22. Qb3 Rb6 23. Bd3 b4 24. a4 Rbc6 25. Rh4 Rxg5 26. f4 Rg2 27. f5 Qc5
28. fxg6 Rxg6 29. Rf1 e6 30. Ka2 Rg5 31. Rfh1 Qa5 32. Be2 Rcc5 33. Bg4 Kf8 34.
Rf1 Ke7 35. Kb1 Rce5 36. Qf3 Kd8 37. Qxf7 Qxa4 38. Rxh5 Rxh5 39. Bxh5 Ra5 40.
Qf8+ Kc7 41. Rf7+ Kb6 42. Qxd6+ Kb5 43. Rb7+ Kc4 44. Be2# 1-0

[Event "Mundial Juvenil femenino 2005 s10"]
[Site "Belfort FRA"]
[Date "2005.07.22"]
[Round "4.6"]
[White "Casusol, Cecilia"]
[Black "Kotepalli, Sai Nirupama"]
[Result "0-1"]
[WhiteElo "1599"]
[BlackElo "1599"]
[PlyCount "108"]
[EventDate "2005.07.19"]
[EventType "swiss"]
[EventRounds "11"]
[EventCountry "FRA"]
[Source "lmi"]
[SourceDate "2005.07.31"]

1. e4 e6 2. d4 g6 3. f4 Bg7 4. Nf3 Ne7 5. Nc3 d5 6. e5 b6 7. Be3 Bb7 8. Be2 a6
9. Qd2 Nd7 10. O-O c5 11. Rad1 O-O 12. a3 Rc8 13. Ne1 Nc6 14. Rf3 f6 15. Nb1
cxd4 16. Bxd4 Nxd4 17. Qxd4 fxe5 18. fxe5 Nxe5 19. Rxf8+ Qxf8 20. Qxb6 Qc5+ 21.
Qxc5 Rxc5 22. c3 Bh6 23. Nc2 Rc8 24. Re1 Bg7 25. Ne3 h5 26. g3 Nd7 27. Ng2 e5
28. Nh4 Nf8 29. Bd1 e4 30. Bb3 Kh8 31. Rd1 Rd8 32. Kf1 Kh7 33. Ke2 Ne6 34. Ng2
Nc5 35. Ba2 Ne6 36. Bb3 Nc7 37. Bc2 Bc8 38. Bxe4 Re8 39. Kf2 Rxe4 40. Nh4 Bg4
41. Rd2 Bh6 42. Rc2 Bd1 43. Rd2 Bxd2 44. Nxd2 Re2+ 45. Kf1 Rxd2 46. Ke1 Rd3 47.
Ng2 g5 48. Kf2 Rd2+ 49. Kf1 Ne6 50. Ne3 Bf3 51. b4 Be4 52. Kg1 Re2 53. Nf1 Rg2+
54. Kh1 Rxg3# 0-1

[Event "Mundial Juvenil femenino 2005 s10"]
[Site "Belfort FRA"]
[Date "2005.07.22"]
[Round "4.7"]
[White "Le, Thanh Phuong Uyen"]
[Black "Anakidze, Nino"]
[Result "0-1"]
[WhiteElo "1599"]
[BlackElo "1963"]
[PlyCount "99"]
[EventDate "2005.07.19"]
[EventType "swiss"]
[EventRounds "11"]
[EventCountry "FRA"]
[Source "lmi"]
[SourceDate "2005.07.31"]

1. e4 c6 2. d4 d5 3. Nd2 dxe4 4. Nxe4 Nd7 5. Ng5 Ngf6 6. Bc4 e6 7. Qe2 Nb6 8.
Bb3 Be7 9. N1f3 h6 10. Ne4 O-O 11. O-O Qc7 12. c3 Rd8 13. Bc2 Nbd7 14. Bd2 b6
15. g3 b5 16. Bf4 Qb6 17. Nxf6+ Nxf6 18. a4 a5 19. axb5 cxb5 20. Ne5 Bb7 21.
Qd3 Be4 22. Qe2 Bxc2 23. Qxc2 Rac8 24. Qe2 a4 25. Ng4 Qb7 26. Nxf6+ Bxf6 27.
Be5 Be7 28. Qg4 Bf8 29. f4 a3 30. Rxa3 f5 31. Qg6 Bxa3 32. Qxe6+ Qf7 33. Qxf7+
Kxf7 34. bxa3 Rxc3 35. Rb1 Rd5 36. a4 bxa4 37. Rb7+ Ke8 38. Bxg7 a3 39. Ra7 Rd7
40. Ra8+ Rd8 41. Ra7 Rc1+ 42. Kg2 Rc2+ 43. Kh3 Rb8 44. d5 Rd8 45. Ra5 Rd7 46.
Be5 Kf7 47. d6 Ke6 48. g4 fxg4+ 49. Kxg4 Rf7 50. h4 0-1

[Event "Mundial Juvenil femenino 2005 s10"]
[Site "Belfort FRA"]
[Date "2005.07.22"]
[Round "4.8"]
[White "Barantseva, Alexandra"]
[Black "Eid, Maha"]
[Result "1/2-1/2"]
[WhiteElo "2089"]
[BlackElo "1599"]
[PlyCount "52"]
[EventDate "2005.07.19"]
[EventType "swiss"]
[EventRounds "11"]
[EventCountry "FRA"]
[Source "lmi"]
[SourceDate "2005.07.31"]

1. c4 e6 2. Nc3 d5 3. cxd5 exd5 4. d4 Nf6 5. g3 Be7 6. Bg2 O-O 7. Nf3 h6 8. Bf4
c6 9. O-O Be6 10. Rc1 Nbd7 11. Qb3 Qb6 12. Qc2 Rfc8 13. Ne5 Nxe5 14. dxe5 Nd7
15. a3 Qd8 16. Be3 Nxe5 17. Bd4 Nd7 18. f4 Nb6 19. a4 Nc4 20. f5 Bd7 21. e4
dxe4 22. Nxe4 Nb6 23. f6 Bf5 24. Be3 Bxe4 25. fxe7 Qd3 26. Qxd3 Bxd3 1/2-1/2

[Event "Mundial Juvenil femenino 2005 s10"]
[Site "Belfort FRA"]
[Date "2005.07.22"]
[Round "4.9"]
[White "Ziaziulkina, Nastassia"]
[Black "Gaboyan, Susanna"]
[Result "0-1"]
[WhiteElo "1949"]
[BlackElo "1599"]
[PlyCount "126"]
[EventDate "2005.07.19"]
[EventType "swiss"]
[EventRounds "11"]
[EventCountry "FRA"]
[Source "lmi"]
[SourceDate "2005.07.31"]

1. e4 c6 2. Nc3 d5 3. Nf3 Bg4 4. h3 Bh5 5. g4 Bg6 6. Qe2 e6 7. Bg2 Nf6 8. d3
Bb4 9. exd5 Nxd5 10. Bd2 Bd6 11. Nxd5 cxd5 12. Nd4 Bc5 13. Bc3 O-O 14. O-O Re8
15. Rae1 e5 16. Nb3 Bb6 17. Qd2 Bc7 18. Ba5 Na6 19. Re2 b6 20. Bc3 d4 21. Bb4
Nxb4 22. Qxb4 Bd6 23. Qd2 Rc8 24. Rfe1 Qd7 25. a3 f5 26. Bf3 Rf8 27. Kg2 fxg4
28. Bxg4 Bf5 29. f3 Qf7 30. Rf1 Qg6 31. Kh1 h5 32. Bxf5 Qxf5 33. Rh2 Qe6 34. f4
Rxf4 35. Qe1 Qf5 36. Rg1 e4 37. Qg3 Qf6 38. Rhg2 Rg4 39. Qf2 Rxg2 40. Qxg2 Qf3
41. Nxd4 Qxg2+ 42. Kxg2 Bc5 43. c3 Bxd4 44. cxd4 exd3 45. Rd1 Rc2+ 46. Kf3 d2
47. Ke3 Rxb2 48. Rxd2 Rxd2 49. Kxd2 Kf7 50. Ke3 Ke6 51. Ke4 a5 52. a4 g5 53.
d5+ Kd6 54. Kf5 Kxd5 55. Kxg5 b5 56. Kxh5 bxa4 57. h4 a3 58. Kg6 a2 59. h5 a1=Q
60. h6 Qh8 61. h7 Ke6 62. Kh6 Kf5 63. Kh5 Qxh7# 0-1

[Event "Mundial Juvenil femenino 2005 s10"]
[Site "Belfort FRA"]
[Date "2005.07.22"]
[Round "4.10"]
[White "Galunova, Tsveta"]
[Black "Aggoune, Audessa"]
[Result "1-0"]
[WhiteElo "1599"]
[BlackElo "1599"]
[PlyCount "113"]
[EventDate "2005.07.19"]
[EventType "swiss"]
[EventRounds "11"]
[EventCountry "FRA"]
[Source "lmi"]
[SourceDate "2005.07.31"]

1. Nf3 d5 2. g3 Nf6 3. Bg2 Nc6 4. O-O Bg4 5. d3 e6 6. c4 Be7 7. Nbd2 O-O 8. b3
Qd6 9. Bb2 Rfd8 10. Rc1 Rac8 11. a3 a5 12. h3 Bf5 13. Nh4 Bg6 14. Nxg6 hxg6 15.
c5 Qd7 16. d4 b6 17. Qe1 Ne4 18. Nxe4 dxe4 19. e3 f5 20. Qc3 Bf6 21. Rfd1 Ne7
22. f3 Nd5 23. Qe1 exf3 24. Bxf3 Bg5 25. Rd3 Qb5 26. Rcd1 bxc5 27. a4 Qb4 28.
Bxd5 Qxe1+ 29. Rxe1 Rxd5 30. h4 Bf6 31. Red1 Rcd8 32. Bc3 cxd4 33. exd4 e5 34.
Ba1 exd4 35. Rc1 c5 36. Kf2 Kf7 37. Bb2 Be5 38. Ba3 Rc8 39. Kf3 Bd6 40. Bb2 Rc7
41. Kf2 Re5 42. Rc2 Re3 43. Rxe3 dxe3+ 44. Kxe3 Bxg3 45. Rc4 f4+ 46. Kf3 Re7
47. Rxc5 Re3+ 48. Kg4 Rxb3 49. Rc7+ Ke8 50. Bxg7 Rb4 51. Rc6 Rxa4 52. Rxg6 Ra1
53. Bxa1 a4 54. Ra6 f3 55. Kxg3 a3 56. Kxf3 a2 57. Rxa2 1-0

[Event "Mundial Juvenil femenino 2005 s10"]
[Site "Belfort FRA"]
[Date "2005.07.22"]
[Round "4.11"]
[White "Kabai, Zsuzsanna"]
[Black "Aranaz Murillo, Amalia"]
[Result "1/2-1/2"]
[WhiteElo "1599"]
[BlackElo "1599"]
[PlyCount "58"]
[EventDate "2005.07.19"]
[EventType "swiss"]
[EventRounds "11"]
[EventCountry "FRA"]
[Source "lmi"]
[SourceDate "2005.07.31"]

1. c4 c6 2. Nc3 d5 3. cxd5 cxd5 4. d4 Nc6 5. Nf3 Nf6 6. Bf4 Bf5 7. a3 e6 8. e3
Be7 9. Bd3 Bxd3 10. Qxd3 O-O 11. O-O Qb6 12. Qb5 Qxb5 13. Nxb5 Rfd8 14. Rac1 a6
15. Nc3 Rac8 16. h3 Na5 17. Rc2 Nc4 18. Rfc1 Bd6 19. Bxd6 Rxd6 20. Nb1 Rdc6 21.
b3 Ne5 22. Rxc6 Nxf3+ 23. gxf3 Rxc6 24. Rxc6 bxc6 25. Kf1 Kf8 26. Nc3 Ke7 27.
Ke2 Kd6 28. Na4 Nd7 29. b4 Kc7 1/2-1/2

[Event "Mundial Juvenil femenino 2005 s10"]
[Site "Belfort FRA"]
[Date "2005.07.22"]
[Round "4.12"]
[White "Atabayva, Gozel"]
[Black "Ho, En-Huei Danielle"]
[Result "1/2-1/2"]
[WhiteElo "1599"]
[BlackElo "1599"]
[PlyCount "99"]
[EventDate "2005.07.19"]
[EventType "swiss"]
[EventRounds "11"]
[EventCountry "FRA"]
[Source "lmi"]
[SourceDate "2005.07.31"]

1. e4 c5 2. c4 Nc6 3. Ne2 e5 4. g3 d6 5. Bg2 g6 6. O-O Bg7 7. Nbc3 Nge7 8. d3
O-O 9. f4 f5 10. Qc2 Nb4 11. Qd1 a6 12. a3 Nbc6 13. Qc2 Qc7 14. Be3 Nd4 15.
Bxd4 cxd4 16. Nd1 Be6 17. Rc1 Rac8 18. Qd2 Qd7 19. Qb4 Rc5 20. Nf2 a5 21. Qd2
b6 22. b4 axb4 23. axb4 Rcc8 24. b5 fxe4 25. Nxe4 Nf5 26. Ng5 Ne3 27. Bc6 Qe7
28. Rfe1 Bh6 29. Nxe6 Qxe6 30. Qxe3 dxe3 31. Bd5 Qxd5 32. cxd5 exf4 33. Rxc8
Rxc8 34. Nxf4 Bxf4 35. gxf4 Rc5 36. Rxe3 Rxb5 37. Re8+ Kf7 38. Rb8 Rxd5 39.
Rxb6 Rxd3 40. Rb7+ Kg8 41. Rb8+ Kg7 42. Rb7+ Kh6 43. Kf2 Rd2+ 44. Kg3 d5 45.
Rd7 d4 46. h3 d3 47. h4 Rd1 48. Kg2 Rd2+ 49. Kg3 Rd1 50. Kg2 1/2-1/2

[Event "Mundial Juvenil femenino 2005 s10"]
[Site "Belfort FRA"]
[Date "2005.07.22"]
[Round "4.13"]
[White "Johonova, Eliska"]
[Black "Baekelant, Eva"]
[Result "1/2-1/2"]
[WhiteElo "1599"]
[BlackElo "1599"]
[PlyCount "123"]
[EventDate "2005.07.19"]
[EventType "swiss"]
[EventRounds "11"]
[EventCountry "FRA"]
[Source "lmi"]
[SourceDate "2005.07.31"]

1. e4 c5 2. d4 cxd4 3. c3 d3 4. Bxd3 Nc6 5. Nf3 g6 6. Be3 Bg7 7. O-O e6 8. Nd4
Nge7 9. Nd2 O-O 10. N2f3 d5 11. Qd2 e5 12. Nxc6 bxc6 13. exd5 cxd5 14. Rfd1 Bg4
15. Be2 Bxf3 16. Bxf3 e4 17. Be2 f5 18. f3 Qc7 19. Bb5 Rad8 20. Bd4 Qa5 21.
Bxg7 Kxg7 22. Qd4+ Kg8 23. c4 a6 24. Qa7 Nc8 25. Qxa6 Qb4 26. Qe6+ Kh8 27. Qe5+
Kg8 28. Rxd5 Rxd5 29. Qxd5+ Kh8 30. Qe5+ Kg8 31. fxe4 f4 32. a3 Qd2 33. Qd5+
Qxd5 34. exd5 Nd6 35. Re1 Nxb5 36. cxb5 Rd8 37. Rd1 Kf7 38. a4 Ra8 39. d6 Ke8
40. b6 Ra6 41. Re1+ Kd7 42. b4 Rxb6 43. b5 Kxd6 44. Re8 Rb7 45. Rf8 g5 46. Rf5
Ra7 47. b6 Rxa4 48. Rb5 Ra8 49. Rxg5 Kc6 50. Rf5 Kxb6 51. Rxf4 Ra7 52. Kf2 Rg7
53. g4 Kc5 54. Re4 Kd5 55. Kf3 Rf7+ 56. Rf4 Rg7 57. h4 Ke5 58. g5 h6 59. Rg4
hxg5 60. Kg3 gxh4+ 61. Kxh4 Rxg4+ 62. Kxg4 1/2-1/2

[Event "Mundial Juvenil femenino 2005 s10"]
[Site "Belfort FRA"]
[Date "2005.07.22"]
[Round "4.14"]
[White "Baraeva, Irina"]
[Black "Ivanova, Aleksandra"]
[Result "1-0"]
[WhiteElo "1599"]
[BlackElo "1599"]
[PlyCount "125"]
[EventDate "2005.07.19"]
[EventType "swiss"]
[EventRounds "11"]
[EventCountry "FRA"]
[Source "lmi"]
[SourceDate "2005.07.31"]

1. c4 e5 2. Nc3 Nf6 3. g3 d5 4. cxd5 Nxd5 5. Bg2 Nb6 6. Nf3 Nc6 7. O-O Be7 8.
a3 Be6 9. b4 f6 10. d3 O-O 11. Bb2 Qd7 12. Rc1 Rad8 13. Qc2 a6 14. Rfd1 Nd4 15.
Nxd4 exd4 16. Ne4 c6 17. Nc5 Bxc5 18. Qxc5 Na4 19. Qc2 Nxb2 20. Qxb2 Rfe8 21.
Rc5 Bg4 22. Rd2 Qe6 23. Rcc2 Qf7 24. h3 Be6 25. Rc5 Qd7 26. Kh2 Re7 27. h4 Bg4
28. Rc4 Qc7 29. f3 Bf5 30. Rxd4 Rxd4 31. Qxd4 a5 32. e4 Bd7 33. Rc2 axb4 34.
Qxb4 Re8 35. Rb2 Rb8 36. d4 Be6 37. a4 Kf7 38. Bf1 h6 39. Bc4 g5 40. Bxe6+ Kxe6
41. Qc4+ Ke7 42. hxg5 hxg5 43. Qc5+ Kf7 44. d5 Rc8 45. Rc2 Qd7 46. g4 Qc7+ 47.
Kg2 Qd7 48. Qc4 Ke8 49. dxc6 Rxc6 50. Qb3 Rxc2+ 51. Qxc2 Qc6 52. Qxc6+ bxc6 53.
Kf2 Kd7 54. Ke3 Kc7 55. Kd4 Kb6 56. Kc4 Kb7 57. Kc5 Kc7 58. a5 Kb7 59. a6+ Kxa6
60. Kxc6 Ka5 61. Kd6 Kb5 62. Ke6 Kc5 63. Kxf6 1-0

[Event "Mundial Juvenil femenino 2005 s10"]
[Site "Belfort FRA"]
[Date "2005.07.22"]
[Round "4.15"]
[White "Belafkih, Kimia"]
[Black "Papathanasiou, Aggeliki"]
[Result "0-1"]
[WhiteElo "1599"]
[BlackElo "1599"]
[PlyCount "58"]
[EventDate "2005.07.19"]
[EventType "swiss"]
[EventRounds "11"]
[EventCountry "FRA"]
[Source "lmi"]
[SourceDate "2005.07.31"]

1. e4 c5 2. Nc3 Nc6 3. g3 g6 4. Bg2 Bg7 5. d3 Nf6 6. Be3 d6 7. Nge2 Qc7 8. O-O
O-O 9. Qd2 Re8 10. Rad1 Qb6 11. b3 Bd7 12. f4 Ng4 13. Nd5 Qd8 14. f5 Nxe3 15.
Qxe3 Nd4 16. Nxd4 Bxd4 17. Qxd4 cxd4 18. fxg6 fxg6 19. Rfe1 g5 20. e5 dxe5 21.
Rxe5 e6 22. Nb4 a5 23. c4 axb4 24. Rf1 Rxa2 25. h3 Rf8 26. Rxf8+ Qxf8 27. Rxg5+
Kh8 28. Bxb7 Qf2+ 29. Kh1 Qh2# 0-1

[Event "Mundial Juvenil femenino 2005 s10"]
[Site "Belfort FRA"]
[Date "2005.07.22"]
[Round "4.16"]
[White "Mucha, Magdalena"]
[Black "Bohorquez, Maria"]
[Result "1/2-1/2"]
[WhiteElo "1599"]
[BlackElo "1599"]
[PlyCount "101"]
[EventDate "2005.07.19"]
[EventType "swiss"]
[EventRounds "11"]
[EventCountry "FRA"]
[Source "lmi"]
[SourceDate "2005.07.31"]

1. e4 e5 2. Nf3 Nc6 3. Bc4 Bc5 4. d3 Nf6 5. c3 Qe7 6. h3 d6 7. Nbd2 O-O 8. Nf1
Be6 9. Bb3 d5 10. Ng3 Rad8 11. Qe2 dxe4 12. dxe4 Nd7 13. Bd2 Bb6 14. Bc2 Nf6
15. O-O h6 16. Nh2 Kh7 17. Be3 g5 18. Bxb6 axb6 19. Nh5 Rg8 20. Nxf6+ Qxf6 21.
Ng4 Qe7 22. Qf3 Rg6 23. Qg3 Rd2 24. Rfc1 Bxg4 25. Qxg4 Qc5 26. Qf5 Kg7 27. b4
Qd6 28. Qg4 Nd8 29. Qg3 Ne6 30. Qe3 Nf4 31. Rd1 Rxd1+ 32. Rxd1 Qe7 33. f3 Rd6
34. Qe1 Qd7 35. Rxd6 Qxd6 36. Kf1 Qc6 37. Bb3 Qb5+ 38. c4 Qd7 39. Qd1 Qe7 40.
Qd2 Ne6 41. Kf2 Nd4 42. Qc3 Nc6 43. a3 Qd6 44. Ke2 Nd4+ 45. Kf2 Nxb3 46. Qxb3
Qd2+ 47. Kf1 Qc1+ 48. Kf2 Qd2+ 49. Kf1 Qc1+ 50. Kf2 Qd2+ 51. Kf1 1/2-1/2

[Event "Mundial Juvenil femenino 2005 s10"]
[Site "Belfort FRA"]
[Date "2005.07.22"]
[Round "4.17"]
[White "Roy, Myriam"]
[Black "Brunet, Pauline"]
[Result "1-0"]
[WhiteElo "1599"]
[BlackElo "1599"]
[PlyCount "89"]
[EventDate "2005.07.19"]
[EventType "swiss"]
[EventRounds "11"]
[EventCountry "FRA"]
[Source "lmi"]
[SourceDate "2005.07.31"]

1. e4 e6 2. d4 d5 3. exd5 exd5 4. c4 c6 5. Nc3 Bd6 6. Nf3 Ne7 7. Be3 O-O 8. Be2
Bf5 9. O-O Nd7 10. Qd2 Nf6 11. c5 Bc7 12. Bd3 Bxd3 13. Qxd3 Ng6 14. h3 Re8 15.
Rfe1 Ne4 16. Nd2 Qh4 17. Ndxe4 dxe4 18. Qc2 Rad8 19. Rad1 Nf4 20. Bxf4 Qxf4 21.
g3 Qf3 22. Re3 Qf5 23. Kg2 Re6 24. Nxe4 Rxe4 25. Qxe4 Qd7 26. Qe7 Qd5+ 27. Kh2
h6 28. Qxc7 Rd7 29. Qb8+ Kh7 30. Qxa7 b5 31. Qa3 Qc4 32. Qd3+ Qxd3 33. Rdxd3
Ra7 34. a3 g5 35. d5 cxd5 36. Rxd5 Ra4 37. c6 Rc4 38. Rc3 Rxc3 39. bxc3 h5 40.
c7 g4 41. c8=Q gxh3 42. Rxh5+ Kg6 43. Qf5+ Kg7 44. Rh7+ Kg8 45. Qxf7# 1-0

[Event "Mundial Juvenil femenino 2005 s10"]
[Site "Belfort FRA"]
[Date "2005.07.22"]
[Round "4.18"]
[White "Yang, Sylvia"]
[Black "Chen, Yuxuan"]
[Result "0-1"]
[WhiteElo "1599"]
[BlackElo "1599"]
[PlyCount "160"]
[EventDate "2005.07.19"]
[EventType "swiss"]
[EventRounds "11"]
[EventCountry "FRA"]
[Source "lmi"]
[SourceDate "2005.07.31"]

1. e4 c5 2. Nf3 Nc6 3. Bb5 Nf6 4. Bxc6 dxc6 5. d3 Bg4 6. h3 Bh5 7. Be3 e6 8.
Nc3 Be7 9. Qd2 O-O 10. O-O-O b5 11. g4 Bg6 12. g5 Nd7 13. h4 Bh5 14. Rh3 b4 15.
Na4 Qa5 16. b3 Nb6 17. c4 Nxa4 18. bxa4 Qxa4 19. Qc2 Qa3+ 20. Qb2 Qa5 21. Rg1
Rfd8 22. Kc2 Bf8 23. Ne5 Qc7 24. Ng4 Bxg4 25. Rxg4 Qd6 26. Bf4 Qd4 27. Be5
Qxf2+ 28. Kb3 Qxb2+ 29. Kxb2 a5 30. h5 g6 31. h6 Bd6 32. Bf6 Rd7 33. Kc2 a4 34.
Rf3 Rb8 35. Rg2 Be7 36. Bg7 Ra8 37. Kb2 Rb7 38. Re3 b3 39. a3 Rd8 40. Rg1 Bd6
41. Bf6 Be7 42. Bg7 Rbd7 43. Rgg3 Bd6 44. Rgf3 Bh2 45. Bf6 Bg1 46. Bxd8 Bxe3
47. Rxe3 Rxd8 48. Kc3 Rf8 49. e5 Rd8 50. Kb2 Rd4 51. Rg3 Rf4 52. Rg2 Rf5 53.
Kc3 Rxe5 54. d4 Re3+ 55. Kd2 cxd4 56. Kc1 Rc3+ 57. Kb2 Rxc4 58. Rd2 Rc2+ 59.
Rxc2 bxc2 60. Kxc2 e5 61. Kd3 c5 62. Kc4 e4 63. Kxc5 d3 64. Kb4 d2 65. Kxa4
d1=Q+ 66. Kb5 e3 67. a4 Qxa4+ 68. Kxa4 e2 69. Kb5 e1=Q 70. Kc6 Qe5 71. Kd7 Kf8
72. Kc6 Ke7 73. Kb6 Qd5 74. Kc7 Qd6+ 75. Kb7 Kd7 76. Ka7 Qc6 77. Kb8 Kd8 78.
Ka7 Qb5 79. Ka8 Kc7 80. Ka7 Qa4# 0-1

[Event "Mundial Juvenil femenino 2005 s10"]
[Site "Belfort FRA"]
[Date "2005.07.22"]
[Round "4.19"]
[White "Chiarion, Elisa"]
[Black "Wang, Jiating"]
[Result "0-1"]
[WhiteElo "1599"]
[BlackElo "1599"]
[PlyCount "152"]
[EventDate "2005.07.19"]
[EventType "swiss"]
[EventRounds "11"]
[EventCountry "FRA"]
[Source "lmi"]
[SourceDate "2005.07.31"]

1. e4 c6 2. d4 d5 3. e5 Bf5 4. Nf3 e6 5. Be2 Ne7 6. O-O Ng6 7. Nc3 Be7 8. Bd3
Bxd3 9. Qxd3 O-O 10. Re1 c5 11. Qb5 Qd7 12. Be3 cxd4 13. Bxd4 Qxb5 14. Nxb5 Nc6
15. Rad1 a6 16. Nc3 h6 17. Na4 Nxd4 18. Nxd4 Bb4 19. c3 Ba5 20. Nb3 Bc7 21.
Nac5 b6 22. Nd3 f6 23. exf6 Rxf6 24. Re2 Nf4 25. Nxf4 Bxf4 26. Nd4 Re8 27. Rde1
Kf7 28. g3 Bc7 29. f4 b5 30. Kg2 g5 31. f5 e5 32. Ne6 Bb8 33. Rf1 Re7 34. a3
Ke8 35. b4 Ref7 36. Ra2 Ke7 37. g4 h5 38. h3 hxg4 39. hxg4 e4 40. a4 Rh7 41.
Rh1 Rxh1 42. Kxh1 Rh6+ 43. Kg1 Rh4 44. axb5 Rxg4+ 45. Kf1 axb5 46. Ra5 Be5 47.
Rxb5 Bxc3 48. Rxd5 Bxb4 49. Kf2 Kf6 50. Rd4 Bc3 51. Rd5 Be5 52. Ke3 Kxf5 53.
Nd4+ Kf6 54. Nc6 Bc7 55. Nd4 Be5 56. Nc6 Bh2 57. Nd4 Bg1+ 58. Ke2 Bxd4 59. Rxd4
Ke5 60. Ra4 Rh4 61. Kf2 Kf4 62. Kg2 g4 63. Rb4 g3 64. Kg1 Kf3 65. Rb8 e3 66.
Re8 e2 67. Re6 e1=Q+ 68. Rxe1 g2 69. Re3+ Kxe3 70. Kxg2 Rf4 71. Kg1 Rf3 72. Kg2
Ke2 73. Kg1 Rf2 74. Kh1 Kf3 75. Kg1 Kg3 76. Kh1 Rf1# 0-1

[Event "Mundial Juvenil femenino 2005 s10"]
[Site "Belfort FRA"]
[Date "2005.07.22"]
[Round "4.20"]
[White "Zhurbenskiy, Eve"]
[Black "Efroimski, Marsel"]
[Result "0-1"]
[WhiteElo "1599"]
[BlackElo "1599"]
[PlyCount "64"]
[EventDate "2005.07.19"]
[EventType "swiss"]
[EventRounds "11"]
[EventCountry "FRA"]
[Source "lmi"]
[SourceDate "2005.07.31"]

1. e4 e6 2. Nc3 d5 3. Nf3 Nf6 4. e5 Nfd7 5. d4 c5 6. dxc5 Bxc5 7. Bd3 Nc6 8.
Bf4 Qb6 9. O-O Qc7 10. Nb5 Qb6 11. Rb1 a6 12. Nc3 Qc7 13. Qe2 Be7 14. Bg3 Qd8
15. Qd2 g5 16. h3 h5 17. Qe2 Bc5 18. h4 Be7 19. hxg5 Bxg5 20. Nxg5 Qxg5 21. Bh2
h4 22. f4 Qg7 23. Qf3 b6 24. Rbe1 Bb7 25. Ne2 O-O-O 26. g3 hxg3 27. Qxg3 Qh6
28. Qf2 Nc5 29. Nc3 Rdg8+ 30. Kh1 Nb4 31. Re2 Nbxd3 32. cxd3 Nxd3 0-1

[Event "Mundial Juvenil femenino 2005 s10"]
[Site "Belfort FRA"]
[Date "2005.07.23"]
[Round "5.1"]
[White "Fataliyeva, Ulviyya"]
[Black "Aflalo, Sophie"]
[Result "0-1"]
[WhiteElo "1599"]
[BlackElo "1599"]
[PlyCount "62"]
[EventDate "2005.07.19"]
[EventType "swiss"]
[EventRounds "11"]
[EventCountry "FRA"]
[Source "lmi"]
[SourceDate "2005.07.31"]

1. e4 c5 2. Nf3 Nc6 3. d4 cxd4 4. Nxd4 Nf6 5. Nc3 e5 6. Ndb5 d6 7. Bg5 a6 8.
Na3 b5 9. Nd5 Be7 10. Bxf6 Bxf6 11. c3 O-O 12. Nc2 Bg5 13. a4 bxa4 14. Rxa4 a5
15. Bc4 Bd7 16. O-O Nd4 17. Ra2 Ne6 18. Nce3 Kh8 19. Nf5 Bc8 20. Nde3 Bxe3 21.
fxe3 Ba6 22. Nxd6 Qc7 23. Bxa6 Rxa6 24. Nb5 Qb6 25. Qe2 Nf4 26. Qf3 Nxg2 27.
Qxg2 Qxb5 28. Kf2 Qb3 29. Rfa1 Qc2+ 30. Kf1 Rf6+ 31. Kg1 Rg6 0-1